000 00343nam a2200133Ia 4500
008 230917s9999||||xx |||||||||||||| ||und||
040 _e183773
_aMAIN
041 _aEnglish
082 _a34:331 S62S
100 _aSood, Deepika
245 0 _aChild Labour in India (with special reference to carpet Industry)
300 _a190 p.
942 _cTH
999 _c89279
_d89279